000 00756nam a22002057a 4500
005 20240517084435.0
008 120612t mx ||||| |||| 00| 0 spa d
050 0 4 _aTA151
_bV37 1993
100 1 _aVarela Alonso, Leopoldo
245 1 0 _aCostos de construcción pesada y edificación
_c / Leopoldo Varela Alonso.
250 _a23a ed.
260 _aMéxico :
_bCompuobras,
_c1993
300 _a4v. :
_bil. ;
_c28 cm.
504 _aIncluye bibliografía
505 _tT.1 Edificación e instalaciones --
_tT.2 Obra pesada --
_tT.3 Obra industrial --
_tT.4 Ingeniería de costos y maquinaria.
650 7 _2lemb
_aIngeniería civil
_vManual
700 1 _aGutiérrez Díez, Luis,
_etr.
700 1 _aGutiérrez Vázquez, Angel,
_etr.
942 _2lcc
_cLIB
999 _c155005
_d155003